000 00498nam a2200169Ia 4500
005 20250508163348.0
008 008 250505s9999 xx 000 0 eng d
037 _aTextual
040 _aFEDL
_beng
_cFEDL
041 _aeng
_2eng
084 _a305, WOO
_qFEDL
245 0 _aPaths of lone liness : The individual isolated in modern society
260 _aNew York, USA
_bColumbia University Press
_c1953
300 _ax,237p.
942 _cTEXL
_h305, WOO
999 _c1382563
_d1382563